Saltar al contenido
Inicio
Centros participantes
Catálogo
Servicios
Contacto
כניסה לחשבון
English
Deutsch
Español
Français
Italiano
日本語
Nederlands
Português
Português (Brasil)
中文(简体)
中文(繁體)
Türkçe
עברית
Gaeilge
Cymraeg
Ελληνικά
Català
Euskara
Русский
Čeština
Suomi
Svenska
polski
Dansk
slovenščina
اللغة العربية
বাংলা
Galego
Tiếng Việt
Hrvatski
हिंदी
Հայերէն
Українська
Sámegiella
שפה
כל השדות
כותר
מחבר
נושא
סימן המיקום
ISBN/ISSN
תג
מצא
מתקדם
Enfoques y categorías de la po...
יצירת מראה מקום
שלח את זה
הדפסה
יצוא רשומה
יצוא אל RefWorks
יצוא אל EndNoteWeb
יצוא אל EndNote
הוספה למועדפים
Enlace Permanente
Agregar primera valuación
Enfoques y categorías de la política económica (Fotocopia parcial)
שמור ב:
מידע ביבליוגרפי
מחבר ראשי:
Lichtensztejn, Samuel
פורמט:
Texto
יצא לאור:
s.l.:
s.e.
תגים:
הוספת תג
אין תגיות, היה/י הראשונ/ה לתייג את הרשומה!
מלאי ספרים
תיאור
הערות
פריטים דומים
תצוגת צוות
MARC
LEADER
00000 a a2200000 04500
001
23672
003
040
090
|a
165700
100
|a
Lichtensztejn, Samuel
245
|a
Enfoques y categorías de la política económica (Fotocopia parcial)
260
|a
s.l.:
|b
s.e.
300
|a
pp. 15-49
999
|c
14057
|d
14057
פריטים דומים
Sobre el enfoque y el papel de las políticas de estabilización en América Latina (Fotocopia parcial)
מאת: Lichtensztejn, Samuel
La contrarrevolución monetarista (Fotocopia parcial cap. 6 y parte B)
מאת: Villarreal, René
La teoría del Subdesarrollo de la CEPAL (Fotocopia parcial cap. 5)
מאת: Rodríguez, Octavio
Estado y economía ante la crisis actual en América Latina (Fotocopia parcial)
מאת: Arancibia C., Armando
La contrarrevolución monetarista (Fotocopia parte IV)
מאת: Villarreal, René